000 00461nam a2200169 4500
003 SEACOMMC
005 20250412121848.0
008 240913b |||||||| |||| 00| 0 eng d
020 _a978-0-07-059-952-9
_cRs.250.00
040 _aSEACOMMC
082 _a428
_bR 627
100 _aRizvi, M Ashraf
245 1 _aEffective Technical Communication
_c M Ashraf Rizvi
260 _a New Delhi
_bTata Mc Graw Hill
_c 2005
650 _a Technical writing
942 _cBOOK
999 _c557
_d557